| 000 | 00596nam a2200205 i 4500 | ||
|---|---|---|---|
| 001 | 49851 | ||
| 003 | ES-MaACL | ||
| 005 | 20230906162056.0 | ||
| 007 | t| | ||
| 008 | 030724s1905 xxk ||||1| eng d | ||
| 100 | 1 |
_aCrabbe, George. _941415 |
|
| 245 | 1 | 0 |
_aPoemes / _cby George Crabbe ; edited by Adolphus William Ward. |
| 260 |
_aCambridge : _b[John Clay], _c1905. |
||
| 300 |
_a3 v. ; _c20 cm. |
||
| 490 | 1 | _aCambridge English Classics | |
| 700 | 1 |
_aWard, Adolphus William. _9116069 |
|
| 830 | 0 |
_aCambridge English Classics _9181697 |
|
| 852 |
_aES-MaACL _jC-758-760 |
||
| 999 |
_c49851 _d49851 |
||